Statystyki dla Kanada, USA czy Meksyk

Kliknij tutaj aby rozwiązać quiz!

Ogólne statystyki

  • Ten quiz został rozwiązany 133 razy
  • Średni wynik to 9 z 15

Statystyki odpowiedzi

ZagadnienieOdpowiedź% Poprawnych
Które państwo ma większą populacjęUSA
97%
Wydaje najwięcej na obronnośćUSA
97%
Które państwo posiada większą powierzchnięKanada
93%
Ten kraj wprowadził na świat czekoladę, kukurydzę i chiliMeksyk
85%
należy do Monarchii BrytyjskiejKanada
83%
Które państwo ma najdłuższą linię brzegowąKanada
74%
Ma najdłuższą średnią długość życia(dane z końca 2022 roku)Kanada
72%
Pochodzi stamtąd wirus Świńskiej grypy (H1N1)Meksyk
68%
Nie posiada publicznej służby zdrowiaUSA
55%
posiada najwięcej linii kolejowychUSA
50%
posiada najwięcej lekarzy w przeliczeniu na 1 osobęKanada
47%
1 Maja świętuje dzień pracyMeksyk
37%
kluby z tego kraju mają najwięcej Pucharów Stanleya (mistrzostwo NHL)Kanada
31%
Ma największe wydatki na edukacjęKanada
29%
Ma najdłuższą rzekęKanada
21%

Rozkład punktacji

Percentyl według liczby udzielonych odpowiedzi

Procent ludzi z każdym wynikiem

Twoja historia wyników

Nie rozwiązałeś tego quizu